BSOP header

J. Hudson Taylor {ch} : (Record no. 21651)

MARC details
000 -LEADER
fixed length control field 00817nam a2200229 4500
005 - DATE AND TIME OF LATEST TRANSACTION
control field 20250902161330.0
008 - FIXED-LENGTH DATA ELEMENTS--GENERAL INFORMATION
fixed length control field 041111s1990 -hkm b a000 0bchi
020 ## - INTERNATIONAL STANDARD BOOK NUMBER
International Standard Book Number 9622027614
090 ## - LOCALLY ASSIGNED LC-TYPE CALL NUMBER (OCLC); LOCAL CALL NUMBER (OCLC)
Classification number (OCLC) (R) ; Classification number, CALL (RLIN) (NR) BV3427.T3
Local cutter number (OCLC) ; Book number/undivided call number, CALL (RLIN) St3
100 1# - MAIN ENTRY--PERSONAL NAME
Personal name Steer, Roger,
Dates associated with a name 1945-
245 10 - TITLE STATEMENT
Title J. Hudson Taylor {ch} :
Remainder of title a man in Christ /
Statement of responsibility, etc Roger Steer ; foreword by Billy Graham.
250 ## - EDITION STATEMENT
Edition statement simplified Chinese version.
260 ## - PUBLICATION, DISTRIBUTION, ETC. (IMPRINT)
Place of publication, distribution, etc Hong Kong :
Name of publisher, distributor, etc Christian Communications Ltd.,
Date of publication, distribution, etc c1990.
300 ## - PHYSICAL DESCRIPTION
Extent 389 p.
504 ## - BIBLIOGRAPHY, ETC. NOTE
Bibliography, etc Includes bibliographical references.
600 14 - SUBJECT ADDED ENTRY--PERSONAL NAME
Personal name Taylor, James Hudson,
Dates associated with a name 1832-1905.
610 24 - SUBJECT ADDED ENTRY--CORPORATE NAME
Corporate name or jurisdiction name as entry element China Inland Mission
General subdivision History.
650 #4 - SUBJECT ADDED ENTRY--TOPICAL TERM
Topical term or geographic name as entry element Missionaries
Geographic subdivision China
Form subdivision Biography.
651 #4 - SUBJECT ADDED ENTRY--GEOGRAPHIC NAME
Geographic name China
General subdivision Church history
Chronological subdivision 19th century.
951 ## - EQUIVALENCE OR CROSS-REFERENCE-GEOGRAPHIC NAME/AREA NAME [OBSOLETE] [CAN/MARC only]
General subdivision 00029110
951 ## - EQUIVALENCE OR CROSS-REFERENCE-GEOGRAPHIC NAME/AREA NAME [OBSOLETE] [CAN/MARC only]
-- C-5637
-- BV3427.T3/St3
-- 070613111423859
-- 2000-12-21
-- CH
942 00 - ADDED ENTRY ELEMENTS (KOHA)
Koha issues (borrowed), all copies 4
Holdings
Withdrawn status Lost status Damaged status Not for loan Home library Current library Shelving location Date acquired Accession number Shelving control number Total Checkouts Full call number Barcode Date last seen Date last borrowed Price effective from Koha item type
        BSOP Library BSOP Library Chinese Books (General Circulation) 12/21/2000 C-5637 127 4 BV3427.T3/St3 00029110 09/09/2025 09/02/2025 02/23/2013 Books
BSOP

Biblical Seminary of the Philippines
  All rights Reserved
  © 2024

CONTACT INFORMATION

Biblical Seminary of the Philippines,
  77-B Karuhatan Road, Valenzuela City,
  PHILIPPINES 1441
  Phone: +632 8292-6795 / 8292-6798
  Fax : +632 8292-6675
  Email: library@bsop.edu.ph